African Countries with similar size to European Countries - Statistics

General Stats
  • This quiz has been taken 55 times
  • The average score is 18 of 45
Answer Stats
EUROPEAN COUNTRY AFRICAN COUNTRY % Correct
Andorra Seychelles (São Tomé and Príncipe)
71%
Russia Algeria (Democratic Republic of the Congo)
61%
Vatican City Seychelles (São Tomé and Príncipe)
59%
Monaco Seychelles (São Tomé and Príncipe)
55%
France Somalia (Central African Republic)
55%
San Marino Seychelles (São Tomé and Príncipe)
51%
Albania Equatorial Guinea (Burundi)
49%
Belgium Lesotho (Equatorial Guinea)
49%
Liechtenstein Seychelles (São Tomé and Príncipe)
49%
Malta Seychelles (São Tomé and Príncipe)
49%
Austria Sierra Leone (Togo)
47%
Luxembourg Mauritius (Comoros)
45%
Kosovo Gambia (Swaziland)
43%
Belarus Senegal (Ghana)
43%
Bosnia and Herzegovina Togo (Guinea-Bissau)
43%
Croatia Togo (Sierra Leone)
41%
Spain Cameroon (Morocco)
39%
Italy Côte d'Ivoire (Burkina Faso)
39%
Germany Republic of the Congo (Zimbabwe)
39%
Czech Republic Sierra Leone (Togo)
39%
Ukraine South Sudan (Madagascar)
39%
Denmark Guinea-Bissau (Lesotho)
37%
Estonia Guinea-Bissau (Togo)
37%
Finland Republic of the Congo (Côte d'Ivoire)
37%
Poland Côte d'Ivoire (Republic of the Congo)
35%
Montenegro Gambia (Swaziland)
35%
Netherlands Guinea-Bissau (Lesotho)
35%
Switzerland Guinea-Bissau (Lesotho)
35%
Bulgaria Liberia (Benin)
35%
Latvia Sierra Leone (Togo)
35%
Lithuania Sierra Leone (Togo)
35%
Slovenia Swaziland (Djibouti)
35%
United Kingdom Uganda (Guinea)
35%
Norway Côte d'Ivoire (Republic of the Congo)
33%
Greece Malawi (Eritrea)
33%
Sweden Morocco (Cameroon)
33%
Macedonia Rwanda (Burundi)
33%
Romania Ghana (Uganda)
31%
Moldova Guinea-Bissau (Lesotho)
31%
Hungary Liberia (Benin)
31%
Iceland Liberia (Benin)
29%
Ireland Sierra Leone (Togo)
29%
Slovakia Togo (Guinea-Bissau)
29%
Portugal Liberia (Sierra Leone)
27%
Serbia Sierra Leone (Liberia)
27%
No matching quizzes found
Score Distribution
Percent of People with Each Score
Percentile by Number Answered
Your Score History
You have not taken this quiz